000 00295nam a2200109Ia 4500
008 200302s9999 xx 000 0 und d
100 _aK. Narayan Reddy
245 _aUrban Redevelopment A Study of High-Rise Buildings
260 _bConcept Publishing Co. Ltd.
260 _c1996
300 _a151 P.,
999 _c5540
_d5540